Normal view
MARC view
- Tabassum, Sumaira
Entry Personal Name
001 - CONTROL NUMBER
- control field: 131626
003 - CONTROL NUMBER IDENTIFIER
- control field: NUST
005 - DATE AND TIME OF LATEST TRANSACTION
- control field: 20251029131947.0
008 - FIXED-LENGTH DATA ELEMENTS
- fixed length control field: 251029|| aca||aabn | a|a d
040 ## - CATALOGING SOURCE
- Original cataloging agency: NUST
- Transcribing agency: NUST
100 ## - HEADING--PERSONAL NAME
- Personal name: Tabassum, Sumaira
670 ## - SOURCE DATA FOUND
- Source citation: Work cat.: (NUST): Tabassum, Sumaira, AI Based Chromosomal Aberration Detection in Karyograms/
